Health Informatics Vision: From Data via Information to Knowledge

Saved in:
Bibliographic Details
Format: Book
Language:English
Tags: Add Tag
No Tags, Be the first to tag this record!
Call Number :

MARC

LEADER 00000nam a2200000 a 4500
001 55875
003 MY-KLNDU
005 20241219015132.0
008 201112 000 0 eng d
020 |a 9781614999874 
039 9 |y 202011120915  |z zul 
245 1 |a Health Informatics Vision: From Data via Information to Knowledge 
999 |a vtls000067501  |c 55875  |d 55875